Visualizzazione normale
Vista MARC
- Sulpizi Fernando
di Personal Name
Records bibliografici associati: 1
001 - CONTROL NUMBER
- control field: 28441
003 - CONTROL NUMBER IDENTIFIER
- control field: IT-RoPau
005 - DATE AND TIME OF LATEST TRANSACTION
- control field: 20140604121016.0
008 - FIXED-LENGTH DATA ELEMENTS
- fixed length control field: 140604|| aca||aabn | a|a d
040 ## - CATALOGING SOURCE
- Original cataloging agency: IT-RoPau
- Transcribing agency: IT-RoPau
100 ## - HEADING--PERSONAL NAME
- Personal name: Sulpizi Fernando
- Miscellaneous information: Codice interprete SPICS: 15488
- Relator term: Interprete
670 ## - SOURCE DATA FOUND
- Source citation: Work cat.: (IT-RoPau)101000: Sulpizi Fernando 28438, Fernando Sulpizi